| 000 | 00450nam a2200193Ia 4500 | ||
|---|---|---|---|
| 005 | 20250425161124.0 | ||
| 008 | 250425s9999 xx 000 0 und d | ||
| 020 | _a9686034099 | ||
| 041 | _aspa | ||
| 082 | _a530.024 | ||
| 100 | _aMCKELVEY, J. P. | ||
| 245 | 0 | _aFISICA PARA CIENCIAS E INGENIERIA 2 | |
| 250 | _a1A ED. | ||
| 260 |
_aMéxico _bS.E. _c1950 |
||
| 260 | _aMONTERREY | ||
| 700 | _aGROTCH, HOWAR | ||
| 942 | _c01 | ||
| 010 | _a13163 | ||
| 999 |
_c202847 _d202847 |
||